| 000 | 01056nam a22003377a 4500 | ||
|---|---|---|---|
| 003 | CHAP | ||
| 005 | 20220329135740.0 | ||
| 008 | 971013s r 00010 d | ||
| 010 | _a41465 | ||
| 011 | _a42437 | ||
| 035 | _a46566 | ||
| 040 | _cCHAP | ||
| 090 | _aR-2611 | ||
| 100 | 0 | 0 |
_aMuñoz, E. _979702 |
| 245 | _aProducción de maíz, frijol y calabaza en un sistema hidráulico de Chinampa | ||
| 500 | _aFotocopia | ||
| 500 | _aSobretiro de: Turrialba, 36(3): 369-373, 1986 | ||
| 590 |
_aBATCH-UPD _b10 _c20130110 _lUCH01 _h1811 |
||
| 590 |
_aBATCH-UPD _b10 _c20130410 _lUCH01 _h1146 |
||
| 590 |
_aBATCH-UPD _b10 _c20130914 _lUCH01 _h0814 |
||
| 590 |
_aCONVERSION _b10 _c20130109 _lUCH01 _h1323 |
||
| 650 | 1 | 4 |
_aCalabaza _xRendimiento. _917294 |
| 650 | 1 | 4 |
_aChinampas. _922577 |
| 650 | 1 | 4 |
_aCultivos asociados. _930370 |
| 650 | 1 | 4 |
_aFrijol _xRendimiento. _943429 |
| 650 | 1 | 4 |
_aMaíz _xRendimiento. _971051 |
| 901 | _aBK | ||
| 942 | _cFOLL | ||
| 949 |
_aR-2611 _bBC _cR _d-106106 _eTS1 _i46566 _si |
||
| 949 |
_aR-2611 _bBC _cR _d-151256 _eTS2 _fc.2 _i46566 _si |
||
| 999 |
_c41465 _d41465 |
||